000 00761nam a2200193 i 4500
001 180530
003 ES-MaACL
005 20230906221125.0
008 120612s1974 sp |||| | spa d
080 _a631.4(467.14)(043.2)
100 1 _aBech i Borràs, Jaume.
_9150479
245 1 0 _aLiberación de bases en suelos de origen granítico de la comarca de "El Maresme" Barcelona /
_cpor Jaime Bech Borras.
260 _aBarcelona :
_bUniversidad de Barcelona, Secretariado de Publicaciones, Intercambio Científico y Extensión Universitaria,
_c1974.
300 _a50 p., 1 h. :
_bgrab. ;
_c24 cm.
502 _aTesis Univ. Barcelona (Extracto)
650 0 4 _aSuelos.
_917249
710 2 _aUniversidad de Barcelona.
_97141
852 _aES-MaACL
_jE-15362(113)
999 _c180530
_d180530